00310nam a2200109 450000500170000002000180001708200210003508400250005624500630008126000460014430000100019020260429143657.0 a9789381991732 a342.54085bSEN.L 2Colon Classification aLaw of the Indian constitution of human rights /cSen, A K aNew Delhi :bSwastik publications,c2024. a248p.